| 000 | 00774nam a2200205 4500 | ||
|---|---|---|---|
| 008 | 170803b xxu||||| |||| 00| 0 eng d | ||
| 020 | _a0-205-15432-8 | ||
| 082 |
_21995 _aDC 372.21073 _bB72 |
||
| 100 |
_921560 _aBrewer, Jo Ann |
||
| 245 |
_aIntroduction to early childhood education : _bpreschool through primary grades / _cJo Ann Brewer |
||
| 250 | _aSecond Edition | ||
| 260 |
_aBoston : _bAllyn and Bacon, _cc1995. |
||
| 300 |
_axxi, 522 pages : _bill. (some col.) ; _c24 cm |
||
| 500 | _aIncludes bibliographical references and index. | ||
| 650 | 0 |
_921561 _aEarly childhood education -- United States |
|
| 650 | 0 |
_921562 _aEarly childhood education -- History |
|
| 650 | 0 |
_921563 _aChild development -- United States |
|
| 365 |
_b2,598.00 _cPhp |
||
| 942 |
_2ddc _cDC |
||
| 999 |
_c7136 _d7136 |
||